000 00470nam a2200193Ia 4500
003 OSt
005 20221005114155.0
006 a|||||r|||| 00| 0
007 ta
008 221004b |||||||| |||| 00| 0 eng d
024 _a73705
037 _cTextual
040 _aCRL
_cCRL
_beng
041 _2eng
_aeng
082 _aM71.2hr
245 0 _aAnnual report
_b Indian Central Cotton Committee
942 _hM71.2hr
_cTEXL
_2cc
999 _c1030485
_d1030485